Nommez ces joueurs d'échecs - Statistiques

Statistiques générales
  • Ce quiz a été pris 259 fois
  • Le résultat moyen est 8 sur 20
Statistiques - réponses
Par images Réponse % Correct
Magnus Carlsen
96%
Gary Kasparov
88%
Fabiano Caruana
77%
Viswanathan Anand
71%
Bobby Fisher
61%
Anatoli Karpov
56%
Judit Polgár
55%
Vladimir Kramnik
49%
Alexandre Alekhine
43%
Paul Morphy
39%
Mikhaïl Tal
36%
José Raul Capablanca
32%
Boris Spassky
29%
Emanuel Lasker
26%
Tigran Petrossian
23%
Mikhaïl Botvinnik
21%
Wilhelm Steinitz
19%
Viktor Kortchnoï
10%
Zhu Chen
2%
Maia Tchibourdanidzé
0%
Aucun quiz correspondant
Distribution des résultats
% des personnes avec chaque résultat
Percentile par nombre de réponses
Votre historique - résultats
Vous n’avez pas pris ce quiz